header

The elder Pliny on the human animal (Record no. 7298)

MARC details
000 -LEADER
fixed length control field 01555nam a2200373 a 4500
001 - CONTROL NUMBER
control field ebr10271422
003 - CONTROL NUMBER IDENTIFIER
control field CaPaEBR
006 - FIXED-LENGTH DATA ELEMENTS--ADDITIONAL MATERIAL CHARACTERISTICS--GENERAL INFORMATION
fixed length control field m u
007 - PHYSICAL DESCRIPTION FIXED FIELD--GENERAL INFORMATION
fixed length control field cr cn|||||||||
008 - FIXED-LENGTH DATA ELEMENTS--GENERAL INFORMATION
fixed length control field 041123s2005 enk sb 001 0 eng
010 ## - LIBRARY OF CONGRESS CONTROL NUMBER
Canceled/invalid LC control number 2004027969
020 ## - INTERNATIONAL STANDARD BOOK NUMBER
Cancelled/invalid ISBN 0198150652 (acid-free paper)
Cancelled/invalid ISBN 019927701X (pbk. : acid-free paper)
040 ## - CATALOGING SOURCE
Original cataloging agency CaPaEBR
Transcribing agency CaPaEBR
035 ## - SYSTEM CONTROL NUMBER
System control number (OCoLC)252698406
041 1# - LANGUAGE CODE
Language code of text/sound track or separate title eng
Language code of original and/or intermediate translations of text grc
050 14 - LIBRARY OF CONGRESS CALL NUMBER
Classification number QP29
Item number .P6813 2005eb
082 04 - DEWEY DECIMAL CLASSIFICATION NUMBER
Classification number 610
Edition number 22
100 0# - MAIN ENTRY--PERSONAL NAME
Personal name Pliny,
Titles and other words associated with a name the Elder.
240 10 - UNIFORM TITLE
Uniform title <a href="Naturalis historia.">Naturalis historia.</a>
Number of part/section of a work Liber 7.
Language of a work English
245 14 - TITLE STATEMENT
Title The elder Pliny on the human animal
Medium [electronic resource] :
Remainder of title Natural history, book 7 /
Statement of responsibility, etc translated with introduction and historical commentary by Mary Beagon.
260 ## - PUBLICATION, DISTRIBUTION, ETC. (IMPRINT)
Place of publication, distribution, etc Oxford [England] :
Name of publisher, distributor, etc Clarendon Press ;
Place of publication, distribution, etc New York :
Name of publisher, distributor, etc Oxford University Press,
Date of publication, distribution, etc c2005.
300 ## - PHYSICAL DESCRIPTION
Extent xx, 515 p.
490 1# - SERIES STATEMENT
Series statement Clarendon ancient history series
504 ## - BIBLIOGRAPHY, ETC. NOTE
Bibliography, etc Includes bibliographical references (p. [473]-498) and index.
533 ## - REPRODUCTION NOTE
Type of reproduction Electronic reproduction.
Place of reproduction Palo Alto, Calif. :
Agency responsible for reproduction ebrary,
Date of reproduction 2013.
Note about reproduction Available via World Wide Web.
-- Access may be limited to ebrary affiliated libraries.
650 #0 - SUBJECT ADDED ENTRY--TOPICAL TERM
Topical term or geographic name as entry element Human physiology
Form subdivision Early works to 1800.
Topical term or geographic name as entry element Medicine, Greek and Roman.
655 #7 - INDEX TERM--GENRE/FORM
Genre/form data or focus term Electronic books.
Source of term local
700 1# - ADDED ENTRY--PERSONAL NAME
Personal name Beagon, Mary.
710 2# - ADDED ENTRY--CORPORATE NAME
Corporate name or jurisdiction name as entry element ebrary, Inc.
830 #0 - SERIES ADDED ENTRY--UNIFORM TITLE
Uniform title Clarendon ancient history series.
856 40 - ELECTRONIC LOCATION AND ACCESS
Uniform Resource Identifier <a href="http://site.ebrary.com/lib/rucke/Doc?id=10271422">http://site.ebrary.com/lib/rucke/Doc?id=10271422</a>
Public note An electronic book accessible through the World Wide Web; click to view

No items available.

© 2026 Rongo University
Contact us: librarian | system librarian | Rongo university